NOVAK`S GYNAECOLOGY / (Record no. 795145)

MARC details
000 -LEADER
fixed length control field 00468pam a2200181 a 4500
020 ## - INTERNATIONAL STANDARD BOOK NUMBER
International Standard Book Number 078173262X
Terms of availability 3885.75
041 ## - LANGUAGE CODE
Language code of text/sound track or separate title eng
Language code of original NULL
082 ## - DEWEY DECIMAL CLASSIFICATION NUMBER
Classification number 618.1
Item number BER
100 ## - MAIN ENTRY--PERSONAL NAME
Personal name BEREK, J .
245 ## - TITLE STATEMENT
Title NOVAK`S GYNAECOLOGY /
Statement of responsibility, etc. NULL.
Medium Textual Documents
260 ## - PUBLICATION, DISTRIBUTION, ETC.
Place of publication, distribution, etc. NULL :
Name of publisher, distributor, etc. LIPPINCOTT WILLIAMS & WILKINS ,
Date of publication, distribution, etc. 2002.
300 ## - PHYSICAL DESCRIPTION
Extent 1432 :
Other physical details xxiv ;
Dimensions A4 .
365 ## - TRADE PRICE
Price type code 3885.75
Price note 1
650 ## - SUBJECT ADDED ENTRY--TOPICAL TERM
Topical term or geographic name entry element OBST.GYNE
907 ## - LOCAL DATA ELEMENT G, LDG (RLIN)
a 2265
930 ## - EQUIVALENCE OR CROSS-REFERENCE-UNIFORM TITLE HEADING [LOCAL, CANADA]
Uniform title 609
Holdings
Withdrawn status Lost status Damaged status Not for loan Collection Home library Current library Date acquired Source of acquisition Cost, normal purchase price Total Checkouts Full call number Barcode Date last seen Date last checked out Copy number Price effective from Koha item type
          Medical College & Hospital, Sangli Medical College & Hospital, Sangli 28/11/2011 B.M.S.G.B.PUNE 3885.75 2 618.1 BER MCS-2265 26/03/2024 15/03/2024 2 26/07/2023 Book
          Medical College & Hospital, Sangli Medical College & Hospital, Sangli 28/11/2011 B.M.S.G.B.PUNE 3885.75   618.1 BER MCS-2264 26/07/2023   1 26/07/2023 Book